[Event "National Capital op U1900"]
[Site "Ottawa CAN"]
[Date "2014.11.01"]
[Round "2"]
[White "Danilov, Alex"]
[Black "Kearnan, Daniel"]
[Result "0-1"]
[WhiteElo "1843"]
[BlackElo "1766"]
[PlyCount "56"]
[EventDate "2014.10.31"]
[EventType "swiss"]
[EventRounds "5"]
[EventCountry "CAN"]

1. c4 g6 2. g3 Bg7 3. Bg2 d6 4. Nc3 e5 5. e4 f5 6. d3 Nf6 7. Nge2 O-O 8. O-O c6
9. h3 Be6 10. Be3 fxe4 11. f4 exf3 12. Rxf3 d5 13. cxd5 cxd5 14. d4 e4 15. Rf1
Nc6 16. Qd2 Qd7 17. Kh2 Ne7 18. a4 Nf5 19. Bf4 Nh5 20. g4 Nxf4 21. gxf5 Nxe2
22. Nxe2 Bxf5 23. Qa5 Qd6+ 24. Kh1 b6 25. Qd2 Bd7 26. Rxf8+ Rxf8 27. Nc3 Qg3
28. Nxd5 Rf2 0-1

[Event "National Capital op U2200"]
[Site "Ottawa CAN"]
[Date "2014.11.01"]
[Round "2"]
[White "Yang, Michael"]
[Black "Kellar, Ben"]
[Result "0-1"]
[WhiteElo "2009"]
[BlackElo "1937"]
[PlyCount "76"]
[EventDate "2014.10.31"]
[EventType "swiss"]
[EventRounds "5"]
[EventCountry "CAN"]

1. e4 e5 2. Nf3 Nc6 3. Bb5 Nf6 4. O-O Nxe4 5. d3 Nd6 6. Bxc6 dxc6 7. Nxe5 Be7
8. Bf4 O-O 9. Nd2 Be6 10. Bg3 Nf5 11. Ndf3 Nxg3 12. fxg3 Bf6 13. d4 Qd6 14. c3
c5 15. Qc2 cxd4 16. cxd4 Rac8 17. Rfc1 Rfd8 18. Qc5 Qa6 19. b4 Rd5 20. Qc3 Qb6
21. Kh1 c6 22. Rd1 Rcd8 23. Nc4 Qc7 24. Ne3 R5d7 25. Qc5 Qb6 26. Qxb6 axb6 27.
Nc2 c5 28. bxc5 bxc5 29. Rd2 cxd4 30. Rad1 Bxa2 31. Ncxd4 Bc4 32. Nf5 Rxd2 33.
Rxd2 Rxd2 34. Nxd2 Bd3 35. Ne3 Bg5 36. Ndc4 b5 37. Nb2 Be2 38. Ned1 Bf6 0-1

[Event "National Capital op U2200"]
[Site "Ottawa CAN"]
[Date "2014.11.01"]
[Round "3"]
[White "Kellar, Ben"]
[Black "Adriaanse, Adam"]
[Result "0-1"]
[WhiteElo "1937"]
[BlackElo "2167"]
[PlyCount "66"]
[EventDate "2014.10.31"]
[EventType "swiss"]
[EventRounds "5"]
[EventCountry "CAN"]

1. Nf3 e6 2. d4 Nf6 3. Bf4 b6 4. e3 Bb7 5. Nbd2 Be7 6. Bd3 c5 7. c3 Nh5 8. Bxb8
Rxb8 9. O-O O-O 10. Ne5 Nf6 11. Qe1 b5 12. f4 c4 13. Bc2 Qc7 14. Qg3 d6 15. Ng4
Nxg4 16. Qxg4 Bf6 17. Ne4 Bxe4 18. Bxe4 b4 19. Rf3 Rfe8 20. Rh3 g6 21. Rf1 d5
22. Bb1 bxc3 23. bxc3 Bg7 24. Qh4 h6 25. g4 Rb2 26. f5 Reb8 27. f6 Bf8 28. Bxg6
fxg6 29. f7+ Kh7 30. Qf6 Qe7 31. Qf4 Rb1 32. Rxb1 Rxb1+ 33. Kf2 Rb2+ 0-1

[Event "National Capital op U2200"]
[Site "Ottawa CAN"]
[Date "2014.11.02"]
[Round "5"]
[White "Kellar, Ben"]
[Black "Kuryliw, Ray"]
[Result "0-1"]
[WhiteElo "1937"]
[BlackElo "2103"]
[PlyCount "54"]
[EventDate "2014.10.31"]
[EventType "swiss"]
[EventRounds "5"]
[EventCountry "CAN"]

1. c4 c6 2. e4 e5 3. Nc3 Nf6 4. Nf3 d6 5. d4 Qc7 6. Be2 a6 7. Bg5 Be7 8. O-O
Nbd7 9. d5 c5 10. Rb1 O-O 11. Ne1 h6 12. Be3 Re8 13. g3 Nf8 14. f4 Ng6 15. Nd3
exf4 16. gxf4 Bf8 17. f5 Ne5 18. Nf4 Nxe4 19. Nxe4 Bxf5 20. Qc2 Nxc4 21. Bxc4
Bxe4 22. Bd3 Bxd3 23. Qxd3 Qe7 24. Bd2 Qe4 25. Qg3 Re5 26. h4 Rae8 27. Bc3 Qe3+
0-1

[Event "Nez Rouge"]
[Site "Gatineau CAN"]
[Date "2014.11.25"]
[Round "1"]
[White "Arsenault, Yves"]
[Black "Traversy, Pierre"]
[Result "1-0"]
[WhiteElo "1498"]
[BlackElo "1141"]
[PlyCount "55"]
[EventDate "2014.11.25"]
[EventType "swiss"]
[EventRounds "4"]
[EventCountry "CAN"]

1. e4 c5 2. Nf3 Nc6 3. d4 cxd4 4. Nxd4 e5 5. Nb5 d6 6. N1c3 a6 7. Na3 Nf6 8.
Bd3 Be7 9. Be3 Ng4 10. Bd2 Nf6 11. O-O O-O 12. Nc4 b5 13. Ne3 Bb7 14. Nf5 Bc8
15. Nxe7+ Nxe7 16. Bg5 Ng6 17. Nd5 h6 18. Nxf6+ Kh8 19. Qh5 Nf4 20. Bxf4 Qxf6
21. Be3 Qg6 22. Qh4 Qg4 23. Qe7 Be6 24. Qxd6 f6 25. f3 Rad8 26. Qxd8 Qg6 27.
Qxf8+ Kh7 28. Rf2 1-0

[Event "Nez Rouge"]
[Site "Gatineau CAN"]
[Date "2014.11.25"]
[Round "1"]
[White "Carabineanu, Marcel"]
[Black "Lessard, Alex"]
[Result "0-1"]
[WhiteElo "1290"]
[BlackElo "1498"]
[PlyCount "114"]
[EventDate "2014.11.25"]
[EventType "swiss"]
[EventRounds "4"]
[EventCountry "CAN"]

1. e4 c5 2. Bc4 Nc6 3. Nf3 e6 4. d3 d6 5. Nc3 Nf6 6. Bf4 Be7 7. O-O O-O 8. a3
a6 9. Ne2 b5 10. Bb3 Qb6 11. c3 Bb7 12. Ng3 e5 13. Be3 Nd8 14. Nf5 Qc7 15. Ng5
c4 16. Nxe7+ Qxe7 17. dxc4 bxc4 18. Bxc4 Nxe4 19. Qh5 h6 20. Nf3 Nf6 21. Qh3 d5
22. Bb3 Nc6 23. Qh4 e4 24. Nd4 Nxd4 25. Bxd4 Rfe8 26. Rfe1 Nh7 27. Qg3 Qg5 28.
Re3 Qxg3 29. Rxg3 Ng5 30. c4 Rad8 31. c5 Bc6 32. Bd1 f5 33. Be3 Nf7 34. Bh5 Re6
35. Bd4 Ne5 36. Re1 f4 37. Rc3 g5 38. Bd1 Bb5 39. Bxe5 Rxe5 40. c6 Rc8 41. c7
Re7 42. Bb3 Bc4 43. Bxc4 dxc4 44. Rxc4 Rexc7 45. Rxc7 Rxc7 46. Rb1 Kf7 47. Kf1
Ke6 48. Ke2 Rc2+ 49. Ke1 g4 50. b4 Rc3 51. Ra1 Rb3 52. Kf1 Ke5 53. Ke2 Rb2+ 54.
Kf1 f3 55. g3 e3 56. fxe3 Rxh2 57. a4 Rh1+ 0-1

[Event "Nez Rouge"]
[Site "Gatineau CAN"]
[Date "2014.11.25"]
[Round "1"]
[White "Desjardins, Michel"]
[Black "Raymond, Daniel"]
[Result "1-0"]
[WhiteElo "1876"]
[BlackElo "1658"]
[PlyCount "89"]
[EventDate "2014.11.25"]
[EventType "swiss"]
[EventRounds "4"]
[EventCountry "CAN"]

1. e4 c5 2. Nc3 Nc6 3. g3 Nf6 4. Bg2 e6 5. Nge2 Be7 6. O-O d5 7. exd5 exd5 8.
d4 O-O 9. Bg5 Nxd4 10. Nxd4 cxd4 11. Qxd4 Be6 12. Rad1 h6 13. Be3 Qa5 14. a3 b6
15. Qd3 Rac8 16. Bd4 Nd7 17. Rfe1 Bf6 18. Ne2 Rfe8 19. c3 Bg4 20. f3 Bh5 21.
Nf4 Bxd4+ 22. Qxd4 Nf6 23. Rxe8+ Rxe8 24. Nxh5 Nxh5 25. Qxd5 Qxd5 26. Rxd5 Nf6
27. Rd2 Kf8 28. Kf2 Rc8 29. Bh3 Rc7 30. Re2 Ne8 31. Ke1 Re7 32. Rxe7 Kxe7 33.
Kd2 Kd6 34. Kd3 Nc7 35. c4 g5 36. Kd4 Ne6+ 37. Bxe6 Kxe6 38. b4 f5 39. c5 h5
40. f4 gxf4 41. gxf4 b5 42. h4 a6 43. c6 Kd6 44. c7 Kxc7 45. Ke5 1-0

[Event "Nez Rouge"]
[Site "Gatineau CAN"]
[Date "2014.11.25"]
[Round "1"]
[White "Gagnon, Fabien"]
[Black "Akrib, Fouad"]
[Result "1-0"]
[WhiteElo "1951"]
[BlackElo "1697"]
[PlyCount "69"]
[EventDate "2014.11.25"]
[EventType "swiss"]
[EventRounds "4"]
[EventCountry "CAN"]

1. Nf3 Nf6 2. d4 g6 3. c4 d6 4. g3 Bg7 5. Bg2 O-O 6. Nc3 c5 7. d5 Na6 8. O-O e6
9. e4 exd5 10. exd5 Nc7 11. h3 Rb8 12. a4 a6 13. a5 Re8 14. Re1 b5 15. axb6
Rxb6 16. Rxe8+ Ncxe8 17. Ne1 Rb4 18. Bf1 Nc7 19. Nc2 Rb8 20. Qe2 h5 21. Ne3 Bd7
22. Kh2 Qe8 23. Ned1 Qxe2 24. Bxe2 Re8 25. Bf4 Ne4 26. Bf3 Nxc3 27. Nxc3 Be5
28. Bxe5 dxe5 29. Ne4 Kg7 30. Nxc5 Bc8 31. d6 e4 32. Bg2 Rd8 33. dxc7 Rd2 34.
Nxe4 Rxb2 35. Nd6 1-0

[Event "Nez Rouge"]
[Site "Gatineau CAN"]
[Date "2014.11.25"]
[Round "1"]
[White "Morel, Joseph"]
[Black "Laferriere, Bruno"]
[Result "0-1"]
[WhiteElo "1671"]
[BlackElo "1925"]
[PlyCount "70"]
[EventDate "2014.11.25"]
[EventType "swiss"]
[EventRounds "4"]
[EventCountry "CAN"]

1. d4 Nf6 2. c4 e6 3. Nf3 d5 4. e3 Nbd7 5. Nc3 c6 6. Bd3 dxc4 7. Bxc4 b5 8. Bd3
Bb7 9. e4 b4 10. Na4 Be7 11. Be3 O-O 12. Qc2 h6 13. Nc5 Nxc5 14. dxc5 Qa5 15.
O-O Rfd8 16. Ne5 Nd7 17. Nxd7 Rxd7 18. Rfd1 Rad8 19. b3 Bf6 20. Rac1 Ba6 21.
Bxa6 Qxa6 22. Rxd7 Rxd7 23. g3 Bc3 24. Bf4 e5 25. Be3 Qa3 26. Qe2 Kf8 27. Rc2
Qa5 28. Qg4 Qd8 29. Kg2 Rd1 30. Qe2 Re1 31. Qf3 Qd3 32. Qf5 Qd8 33. Rc1 Re2 34.
a3 Bb2 35. axb4 Rxe3 0-1

[Event "Nez Rouge"]
[Site "Gatineau CAN"]
[Date "2014.11.25"]
[Round "1"]
[White "Poirier, Alexis"]
[Black "Berthiaume, Serge"]
[Result "1-0"]
[WhiteElo "1515"]
[BlackElo "1437"]
[PlyCount "89"]
[EventDate "2014.11.25"]
[EventType "swiss"]
[EventRounds "4"]
[EventCountry "CAN"]

1. e4 g6 2. d4 Bg7 3. c4 c5 4. Nf3 cxd4 5. Nxd4 Nc6 6. Be3 Nf6 7. Nc3 Qa5 8. f3
Qc7 9. Qd2 a6 10. Be2 Ne5 11. b3 d6 12. Rc1 O-O 13. Bh6 Nfd7 14. Nd5 Qd8 15.
Bxg7 Kxg7 16. h4 e6 17. Nc3 Qf6 18. f4 Nc6 19. Nxc6 bxc6 20. Qxd6 Ra7 21. g4 e5
22. Qxf6+ Kxf6 23. g5+ Kg7 24. f5 f6 25. Kf2 fxg5 26. hxg5 Nc5 27. f6+ Kh8 28.
Rcd1 Ne6 29. Rhg1 Nf4 30. Rg3 h5 31. gxh6 Rh7 32. Rd6 Rxh6 33. Rxc6 Ne6 34. c5
Rxf6+ 35. Ke3 g5 36. Rxc8+ Kg7 37. c6 Nd4 38. Rxg5+ Kf7 39. c7 Rh3+ 40. Kd2 Rf2
41. Rf8+ Kxf8 42. c8=Q+ Ke7 43. Qxh3 Nf3+ 44. Qxf3 Rxf3 45. Bxf3 1-0

[Event "Nez Rouge"]
[Site "Gatineau CAN"]
[Date "2014.11.25"]
[Round "1"]
[White "Simard, Paul"]
[Black "Menard, Marc"]
[Result "0-1"]
[WhiteElo "1131"]
[BlackElo "1474"]
[PlyCount "70"]
[EventDate "2014.11.25"]
[EventType "swiss"]
[EventRounds "4"]
[EventCountry "CAN"]

1. f4 e5 2. Nf3 exf4 3. d3 g5 4. Nc3 d5 5. e3 fxe3 6. Bxe3 h6 7. Qe2 Ne7 8.
O-O-O Bg7 9. Bd4 Bxd4 10. Nxd4 c5 11. Nf3 Nbc6 12. d4 c4 13. a3 O-O 14. h3 Re8
15. g4 Nf5 16. Qf2 Ne3 17. Re1 Nxf1 18. Rhxf1 Rxe1+ 19. Rxe1 Be6 20. Ne5 Nxe5
21. Rxe5 Qd6 22. Qf6 Kh7 23. Na4 b6 24. Nc3 Rd8 25. Ne2 b5 26. c3 a5 27. Ng3 b4
28. Nh5 Rg8 29. a4 bxc3 30. Qf2 cxb2+ 31. Qxb2 Rb8 32. Qc2+ Kh8 33. Nf6 Qa3+
34. Kd1 Qa1+ 35. Kd2 Rb2 0-1

[Event "Nez Rouge"]
[Site "Gatineau CAN"]
[Date "2014.12.02"]
[Round "2"]
[White "Akrib, Fouad"]
[Black "Raymond, Daniel"]
[Result "1-0"]
[WhiteElo "1697"]
[BlackElo "1658"]
[PlyCount "65"]
[EventDate "2014.11.25"]
[EventType "swiss"]
[EventRounds "4"]
[EventCountry "CAN"]

1. e4 c5 2. Nf3 d6 3. d4 cxd4 4. Nxd4 Nf6 5. Nc3 g6 6. f3 Bg7 7. Be3 O-O 8. Be2
Nc6 9. Qd2 d5 10. Nxc6 bxc6 11. O-O-O e6 12. Bg5 Qa5 13. e5 Nd7 14. f4 Ba6 15.
Bxa6 Qxa6 16. Kb1 Rab8 17. Be7 Rfc8 18. Ne4 Qb7 19. b3 Nxe5 20. Nf6+ Kh8 21.
fxe5 Qxe7 22. Qg5 c5 23. Rd3 h5 24. g4 Bxf6 25. exf6 Qf8 26. gxh5 Qg8 27. hxg6
Qxg6 28. Rh3+ Kg8 29. Rg1 d4 30. Qc1 c4 31. Rxg6+ fxg6 32. Qh6 Kf7 33. Qg7+ 1-0

[Event "Nez Rouge"]
[Site "Gatineau CAN"]
[Date "2014.12.02"]
[Round "2"]
[White "Berthiaume, Serge"]
[Black "Bourbonnais, Luc"]
[Result "0-1"]
[WhiteElo "1437"]
[BlackElo "1324"]
[PlyCount "102"]
[EventDate "2014.11.25"]
[EventType "swiss"]
[EventRounds "4"]
[EventCountry "CAN"]

1. d4 Nf6 2. Nf3 g6 3. Bf4 Bg7 4. Nc3 d5 5. Qd2 O-O 6. O-O-O Bf5 7. Bh6 Nbd7 8.
Bxg7 Kxg7 9. Nh4 e6 10. h3 h5 11. f3 Ne4 12. Nxf5+ exf5 13. fxe4 dxe4 14. e3
Nf6 15. Be2 c6 16. Rdg1 h4 17. g4 hxg3 18. Rxg3 Qd6 19. Rg5 Nh7 20. Rgg1 b5 21.
h4 a5 22. Bf1 a4 23. Bh3 Kf6 24. d5 Rfe8 25. Rd1 b4 26. Ne2 c5 27. Nf4 a3 28.
b3 g5 29. hxg5+ Nxg5 30. Nh5+ Kg6 31. Qg2 Qe5 32. Nf4+ Kf6 33. Nh5+ Kg6 34.
Bxf5+ Kxf5 35. Rdf1+ Nf3 36. Qh3+ Kg5 37. Qg2+ Kf5 38. Ng7+ Kf6 39. Nxe8+ Rxe8
40. Rh6+ Ke7 41. d6+ Kd8 42. c3 Qxc3+ 43. Qc2 Qa1+ 44. Qb1 Qxb1+ 45. Kxb1 Nd2+
46. Kc1 Nxf1 47. Rh3 Re5 48. Kd1 Rd5+ 49. Ke2 Nd2 50. Rh7 f5 51. Rf7 Nf3 0-1

[Event "Nez Rouge"]
[Site "Gatineau CAN"]
[Date "2014.12.02"]
[Round "2"]
[White "Danilov, Alex"]
[Black "Gagnon, Fabien"]
[Result "0-1"]
[WhiteElo "1843"]
[BlackElo "1951"]
[PlyCount "98"]
[EventDate "2014.11.25"]
[EventType "swiss"]
[EventRounds "4"]
[EventCountry "CAN"]

1. c4 e6 2. Nf3 d5 3. g3 Nf6 4. Bg2 Be7 5. d4 O-O 6. b3 c5 7. e3 Nc6 8. O-O b6
9. Nc3 Bb7 10. cxd5 Nxd5 11. Nxd5 Qxd5 12. Ne5 Qd6 13. Ba3 Qc7 14. Nxc6 Bxc6
15. Bxc6 Qxc6 16. Rc1 Rfd8 17. Qe2 Kf8 18. Rfd1 Rac8 19. Qh5 h6 20. Bb2 Qe4 21.
Qe2 cxd4 22. Rxc8 Rxc8 23. Qa6 Rc2 24. Bxd4 Qf3 25. Rf1 Rc7 26. Qb5 f6 27. Qd3
Qd5 28. Rd1 e5 29. Qf5 Rd7 30. Qg4 Rd8 31. Rd2 exd4 32. Rxd4 Qc6 33. Rc4 Qd7
34. Qg6 Qd1+ 35. Kg2 Qd5+ 36. e4 Qd7 37. h4 Rc8 38. Qf5 Qxf5 39. exf5 Rxc4 40.
bxc4 Ke8 41. Kf3 Bc5 42. g4 Ke7 43. Ke2 Kd6 44. f4 Bd4 45. Kd3 Kc5 46. a3 Bf2
47. h5 a5 48. g5 a4 49. Ke2 Bd4 0-1

[Event "Nez Rouge"]
[Site "Gatineau CAN"]
[Date "2014.12.02"]
[Round "2"]
[White "Leon, Carlos"]
[Black "Morel, Joseph"]
[Result "0-1"]
[WhiteElo "1778"]
[BlackElo "1671"]
[PlyCount "122"]
[EventDate "2014.11.25"]
[EventType "swiss"]
[EventRounds "4"]
[EventCountry "CAN"]

1. c4 e5 2. g3 Nf6 3. Bg2 d5 4. cxd5 Nxd5 5. Nc3 Be6 6. d3 Nc6 7. Nf3 Be7 8.
O-O Qd7 9. a3 Nxc3 10. bxc3 Bh3 11. Qb3 h5 12. Bxh3 Qxh3 13. Qxb7 Kd7 14. Qb5
f6 15. Qd5+ Bd6 16. Qf7+ Be7 17. d4 Qe6 18. Qg6 exd4 19. Qd3 h4 20. cxd4 Qh3
21. Qg6 hxg3 22. Qxg3 Qh5 23. Bf4 g5 24. Bxc7 Rac8 25. Ba5 Bd6 26. Ne5+ fxe5
27. dxe5 Nxe5 28. Kg2 Nc4 29. Rad1 Qxh2+ 30. Qxh2 Rxh2+ 31. Kg1 Nxa5 32. Rxd6+
Kxd6 33. Kxh2 Rc2 34. e3 Nc4 35. Kg3 Ke6 36. Rd1 Nxa3 37. Ra1 Nb5 38. Ra5 Rb2
39. Kg4 Kf6 40. f3 Rb4+ 41. e4 Rb3 42. Ra6+ Ke5 43. Rg6 a5 44. Rxg5+ Kf6 45. f4
a4 46. e5+ Kf7 47. f5 Rb4+ 48. Kh5 a3 49. Rg6 Ra4 50. Rb6 Nd4 51. Rb7+ Kf8 52.
Kg6 a2 53. Rb8+ Ke7 54. f6+ Kd7 55. Rb6 a1=Q 56. Rd6+ Kc7 57. f7 Qg1+ 58. Kh7
Qh2+ 59. Rh6 Qf4 60. Rf6 Qxf6 61. exf6 Ne6 0-1

[Event "Nez Rouge"]
[Site "Gatineau CAN"]
[Date "2014.12.02"]
[Round "2"]
[White "Menard, Marc"]
[Black "Arsenault, Yves"]
[Result "0-1"]
[WhiteElo "1474"]
[BlackElo "1498"]
[PlyCount "78"]
[EventDate "2014.11.25"]
[EventType "swiss"]
[EventRounds "4"]
[EventCountry "CAN"]

1. e4 c5 2. Nf3 Nc6 3. d4 cxd4 4. Nxd4 Nf6 5. Nc3 e6 6. Be2 Bc5 7. Ndb5 O-O 8.
Nd6 Bxd6 9. Qxd6 Ne8 10. Qg3 Nd4 11. Bd3 b6 12. Be3 Nc6 13. O-O-O Nb4 14. a3
Nxd3+ 15. Rxd3 Ba6 16. Rd2 Rc8 17. Rhd1 d6 18. f4 Rc6 19. f5 Qc7 20. Bf4 e5 21.
Bh6 f6 22. Nd5 Qb7 23. h4 Rf7 24. h5 Bc4 25. Be3 Bxd5 26. Rxd5 Qc8 27. R1d2
Rfc7 28. Qf2 Rc4 29. g4 Rxe4 30. Qf3 Rec4 31. Qe2 Qd7 32. h6 Qa4 33. g5 fxg5
34. Bxg5 Rg4 35. Bd8 Rg1+ 36. Rd1 Rxd1+ 37. Qxd1 Qf4+ 38. Kb1 Rd7 39. hxg7 Rxd8
0-1

[Event "Nez Rouge"]
[Site "Gatineau CAN"]
[Date "2014.12.02"]
[Round "2"]
[White "Morones, Oliver"]
[Black "Lemieux, Denis"]
[Result "0-1"]
[WhiteElo "1296"]
[BlackElo "1452"]
[PlyCount "74"]
[EventDate "2014.11.25"]
[EventType "swiss"]
[EventRounds "4"]
[EventCountry "CAN"]

1. e4 c6 2. a3 d5 3. d3 dxe4 4. Nc3 exd3 5. Bxd3 Nf6 6. h3 e6 7. Bg5 Be7 8. Qf3
Nbd7 9. Bf4 Nd5 10. Nge2 Nxf4 11. Nxf4 Nf6 12. O-O-O Nd5 13. Nfe2 Bf6 14. Be4
Qa5 15. Rd3 b5 16. Nxd5 cxd5 17. Rxd5 exd5 18. Bxd5 Rb8 19. Qe3+ Kf8 20. Nd4
Qb6 21. Rd1 Bb7 22. Bb3 Rd8 23. c3 h6 24. g4 g6 25. f4 Kg7 26. g5 Bxd4 27. cxd4
hxg5 28. fxg5 Rhe8 29. Qf2 Qc7+ 30. Kb1 Be4+ 31. Ka1 Bf5 32. d5 Qb6 33. Qg3 Qe3
34. Qh4 Rh8 35. Qb4 Rxh3 36. Ba2 Rc8 37. Re1 Rc1+ 0-1

[Event "Nez Rouge"]
[Site "Gatineau CAN"]
[Date "2014.12.02"]
[Round "2"]
[White "Seguin, Hubert"]
[Black "Lecorre, Joel"]
[Result "1-0"]
[WhiteElo "1575"]
[BlackElo "1579"]
[PlyCount "101"]
[EventDate "2014.11.25"]
[EventType "swiss"]
[EventRounds "4"]
[EventCountry "CAN"]

1. e4 e5 2. Nf3 d5 3. Nxe5 Bd6 4. d4 dxe4 5. Nc3 Bxe5 6. dxe5 Qxd1+ 7. Kxd1 f5
8. exf6 Nxf6 9. Bc4 Bf5 10. Bf4 c6 11. Re1 Nbd7 12. Ke2 O-O-O 13. Nd1 Nb6 14.
Bb3 Nbd5 15. Bd2 Bg4+ 16. Kf1 Rhe8 17. Ne3 Nxe3+ 18. Bxe3 b6 19. h3 Be6 20.
Red1 Bxb3 21. axb3 Kb7 22. Ke2 h6 23. Rxd8 Rxd8 24. Rd1 Rxd1 25. Kxd1 c5 26.
Ke2 Kc6 27. c4 a6 28. Bf4 Kd7 29. Ke3 Ke6 30. Bc7 b5 31. g4 Ne8 32. Bb6 bxc4
33. Bxc5 cxb3 34. Kxe4 Nf6+ 35. Kd4 a5 36. Kc4 a4 37. Bd4 Ne4 38. f4 g6 39. Bg7
Nf2 40. Bxh6 Nxh3 41. Kb4 Kd5 42. Kxa4 Ke4 43. Kxb3 Nxf4 44. Bxf4 Kxf4 45. Kc4
Kxg4 46. b4 Kf3 47. b5 g5 48. b6 g4 49. b7 g3 50. b8=Q g2 51. Qb6 1-0

[Event "Nez Rouge"]
[Site "Gatineau CAN"]
[Date "2014.12.02"]
[Round "2"]
[White "Simard, Paul"]
[Black "Carabineanu, Marcel"]
[Result "1-0"]
[WhiteElo "1131"]
[BlackElo "1290"]
[PlyCount "73"]
[EventDate "2014.11.25"]
[EventType "swiss"]
[EventRounds "4"]
[EventCountry "CAN"]

1. f4 Nf6 2. b3 e6 3. Nf3 Nc6 4. e3 d5 5. Bb5 Bd7 6. Bb2 Bd6 7. Bxc6 Bxc6 8.
O-O Qe7 9. d3 O-O-O 10. Nbd2 Rhg8 11. Nd4 Qd7 12. N2f3 h6 13. h3 Be7 14. Ne5
Qd6 15. Nxf7 Qd7 16. Nxd8 Bxd8 17. a4 Nh7 18. Rf3 g5 19. Rg3 Qe8 20. Rg4 Bd7
21. Rg3 gxf4 22. Rxg8 Qxg8 23. exf4 e5 24. fxe5 Bxh3 25. Qf1 h5 26. Kh2 Bg4 27.
Re1 Nf8 28. Nf5 Ne6 29. Nh6 Qh7 30. Nxg4 hxg4+ 31. Kg1 g3 32. Qf3 Qh4 33. Qf5
Kd7 34. Qf7+ Be7 35. Re3 Nf4 36. e6+ Kc6 37. Qe8+ 1-0

[Event "Nez Rouge"]
[Site "Gatineau CAN"]
[Date "2014.12.02"]
[Round "2"]
[White "Traversy, Pierre"]
[Black "Legare, Gilles"]
[Result "0-1"]
[WhiteElo "1141"]
[BlackElo "1080"]
[PlyCount "114"]
[EventDate "2014.11.25"]
[EventType "swiss"]
[EventRounds "4"]
[EventCountry "CAN"]

1. d4 Nf6 2. Nf3 d5 3. Nc3 e6 4. e3 b6 5. Bd2 c6 6. a3 Ba6 7. Bxa6 Nxa6 8. b4
Nb8 9. O-O Bd6 10. Ne5 Nbd7 11. f4 O-O 12. Nxc6 Qe8 13. Ne5 Bc7 14. Be1 Nxe5
15. fxe5 Nd7 16. Bg3 Bd8 17. Qe2 Be7 18. Rf2 Qd8 19. Qd3 Bh4 20. Rf3 f5 21. Ne2
Re8 22. c4 dxc4 23. Qxc4 Bxg3 24. Nxg3 Kh8 25. b5 Nf8 26. Qe2 Ng6 27. Rff1 Rf8
28. Nh5 Qg5 29. Nf4 Nxf4 30. exf4 Qe7 31. a4 Qb4 32. Qd3 Rac8 33. Qd1 Rcd8 34.
Rb1 Qc4 35. Rc1 Qd5 36. Re1 Rg8 37. Re3 g6 38. Rd3 Qe4 39. Qd2 Qd5 40. Re1 Rc8
41. h4 Kg7 42. Rc1 h5 43. Rdc3 Rcd8 44. Rc7+ Kh6 45. Rd1 Rd7 46. Rxd7 Qxd7 47.
d5 Qe7 48. g3 Rd8 49. d6 Qb7 50. Qd3 a6 51. Rc1 axb5 52. axb5 Qa7 53. Qb3 Qb7
54. Rc6 Ra8 55. Qc3 Qa7 56. Qd4 Qa5 57. d7 Qe1+ 0-1

[Event "Nez Rouge"]
[Site "Gatineau CAN"]
[Date "2014.12.09"]
[Round "3"]
[White "Berthiaume, Serge"]
[Black "Simard, Paul"]
[Result "1-0"]
[WhiteElo "1437"]
[BlackElo "1131"]
[PlyCount "145"]
[EventDate "2014.11.25"]
[EventType "swiss"]
[EventRounds "4"]
[EventCountry "CAN"]

1. d4 f5 2. Nf3 e6 3. Bf4 Nf6 4. e3 b6 5. Bg5 Bd6 6. Ne5 O-O 7. Nd2 Be7 8. g4
d6 9. Qf3 Ne4 10. Bxe7 Qxe7 11. Nxe4 fxe4 12. Qxe4 dxe5 13. Qxa8 Nd7 14. Qe4
Qb4+ 15. Kd1 Qxb2 16. Rc1 Rxf2 17. Bd3 g6 18. Rf1 Rxf1+ 19. Bxf1 Qxa2 20. Qc6
Qd5 21. Bg2 Qxc6 22. Bxc6 exd4 23. exd4 Nf6 24. h3 h5 25. Bf3 hxg4 26. hxg4 g5
27. Kd2 c5 28. Kc3 cxd4+ 29. Kxd4 Nd7 30. Rd1 Kg7 31. Ke3 Kf6 32. Rf1 Ke5 33.
Ra1 a5 34. Rb1 Ba6 35. Bc6 Nf6 36. Rxb6 Bc4 37. Bf3 Nd7 38. Rc6 Bd5 39. Bxd5
exd5 40. Ra6 Nf6 41. Kf3 Ne4 42. Rxa5 Nd2+ 43. Ke2 Nc4 44. Ra8 Kf4 45. Rd8 Kxg4
46. Rxd5 Na3 47. Rd4+ Kh5 48. c4 g4 49. Kf2 Kh4 50. Kg2 Nc2 51. Re4 Nb4 52. c5
Nc6 53. Re8 Nd4 54. Rh8+ Kg5 55. Rc8 Kh4 56. c6 Nxc6 57. Rxc6 Kg5 58. Kg3 Kf5
59. Rc4 Kg5 60. Rxg4+ Kf5 61. Kh4 Ke5 62. Kg5 Ke6 63. Re4+ Kd5 64. Kf5 Kd6 65.
Re5 Kc6 66. Ke6 Kc7 67. Rc5+ Kb6 68. Kd6 Kb7 69. Rc6 Kb8 70. Rc7 Ka8 71. Kc6
Kb8 72. Kb6 Ka8 73. Rc8# 1-0

[Event "Nez Rouge"]
[Site "Gatineau CAN"]
[Date "2014.12.09"]
[Round "3"]
[White "Seguin, Hubert"]
[Black "Desjardins, Michel"]
[Result "0-1"]
[WhiteElo "1575"]
[BlackElo "1876"]
[PlyCount "52"]
[EventDate "2014.11.25"]
[EventType "swiss"]
[EventRounds "4"]
[EventCountry "CAN"]

1. e4 d5 2. exd5 Qxd5 3. Nc3 Qd6 4. d4 Nf6 5. h3 a6 6. a4 Nc6 7. Nf3 Bf5 8. Bc4
e6 9. O-O Be7 10. Re1 O-O-O 11. Be3 h6 12. g4 Bh7 13. Qe2 Nb4 14. Bb3 c6 15.
Ne5 Rdf8 16. a5 h5 17. Na4 Nbd5 18. Nc5 Nc7 19. f3 hxg4 20. hxg4 Nfd5 21. c4
Nxe3 22. Qxe3 f6 23. Ned7 Qg3+ 24. Kf1 Bd3+ 25. Qxd3 Rh2 26. Re4 Qf2# 0-1

[Event "Nez Rouge"]
[Site "Gatineau CAN"]
[Date "2014.12.16"]
[Round "4"]
[White "Desjardins, Michel"]
[Black "Gagnon, Fabien"]
[Result "1/2-1/2"]
[WhiteElo "1876"]
[BlackElo "1951"]
[PlyCount "49"]
[EventDate "2014.11.25"]
[EventType "swiss"]
[EventRounds "4"]
[EventCountry "CAN"]

1. e4 c5 2. Nc3 Nc6 3. g3 g6 4. Bg2 Bg7 5. d3 d6 6. Be3 Nf6 7. h3 O-O 8. Qd2 e5
9. Nge2 Nd4 10. f4 Rb8 11. O-O b5 12. a3 a5 13. fxe5 dxe5 14. Bg5 Qd6 15. Bxf6
Bxf6 16. Nxd4 cxd4 17. Nd5 Bd8 18. c4 bxc4 19. dxc4 Ba6 20. Rfc1 Rb3 21. g4 Qc5
22. Kh1 Kg7 23. Qf2 Bg5 24. h4 Bd8 25. g5 1/2-1/2

[Event "North American-ch U20"]
[Site "Kitchener CAN"]
[Date "2014.07.31"]
[Round "1.1"]
[White "Chandra, Akshat"]
[Black "Shi, Diwen"]
[Result "1-0"]
[WhiteElo "2442"]
[BlackElo "1934"]
[PlyCount "49"]
[EventDate "2014.07.31"]
[EventType "swiss"]
[EventRounds "9"]
[EventCountry "CAN"]

1. e4 c5 2. Nf3 d6 3. d4 cxd4 4. Nxd4 Nf6 5. Nc3 g6 6. Be3 Bg7 7. f3 Nc6 8. Qd2
O-O 9. O-O-O d5 10. exd5 Nxd5 11. Nxc6 bxc6 12. Bd4 e5 13. Bc5 Be6 14. Ne4 Qc7
15. Bxf8 Rxf8 16. Bc4 Rb8 17. Bb3 Qe7 18. h4 h6 19. h5 f5 20. Nc3 Nxc3 21. Qxc3
c5 22. Bxe6+ Qxe6 23. Qxc5 e4 24. c3 Qa6 25. Rd7 1-0

[Event "North American-ch U20"]
[Site "Kitchener CAN"]
[Date "2014.07.31"]
[Round "1.5"]
[White "Calugar, Arthur"]
[Black "Zhao, Yue Tong (Davy)"]
[Result "1-0"]
[WhiteElo "2295"]
[BlackElo "1910"]
[PlyCount "51"]
[EventDate "2014.07.31"]
[EventType "swiss"]
[EventRounds "9"]
[EventCountry "CAN"]

1. e4 c5 2. Nf3 e6 3. d4 cxd4 4. Nxd4 a6 5. Bd3 Qc7 6. Nc3 Nf6 7. O-O Be7 8.
Kh1 d6 9. f4 b6 10. e5 Nfd7 11. exd6 Bxd6 12. Be4 Bb7 13. Ndb5 axb5 14. Nxb5
Bxe4 15. Nxd6+ Ke7 16. Nxe4 Rc8 17. f5 Ne5 18. fxe6 f6 19. Bf4 Rd8 20. Qh5 Rf8
21. Qxh7 Kxe6 22. Bxe5 Qxe5 23. Rae1 Kf7 24. Nxf6 Qxf6 25. Rxf6+ Kxf6 26. Rf1+
1-0

[Event "North American-ch U20"]
[Site "Kitchener CAN"]
[Date "2014.07.31"]
[Round "1.6"]
[White "Zhong, Joey"]
[Black "Kleinman, Michael"]
[Result "1-0"]
[WhiteElo "1892"]
[BlackElo "2278"]
[PlyCount "55"]
[EventDate "2014.07.31"]
[EventType "swiss"]
[EventRounds "9"]
[EventCountry "CAN"]

1. e4 c5 2. Nc3 e6 3. Nf3 Nc6 4. d4 cxd4 5. Nxd4 Qc7 6. Be2 a6 7. Be3 Nf6 8. a3
b5 9. f4 Bb7 10. Bf3 d6 11. O-O Be7 12. Qe1 Nxd4 13. Bxd4 e5 14. fxe5 dxe5 15.
Qg3 Bc5 16. Qxg7 Bxd4+ 17. Kh1 Ke7 18. Bh5 Nxh5 19. Rxf7+ Ke6 20. Raf1 Qxf7 21.
Qxf7+ Kd6 22. Qxh5 Raf8 23. Qh6+ Ke7 24. Qg7+ Ke8 25. Rd1 Bc6 26. Qc7 Bd7 27.
Qb8+ Kf7 28. Qd6 1-0